|
|
|
|
| LEADER |
01271nam a2200313 u 4500 |
| 001 |
10030086 |
| 003 |
upatras |
| 005 |
20210117210023.0 |
| 008 |
990920s1989 cn eng |
| 040 |
|
|
|a GR-PaULI
|c GR-PaULI
|
| 041 |
0 |
|
|a eng
|
| 082 |
0 |
4 |
|a 549
|
| 245 |
1 |
0 |
|a Image analysis in earth sciences
|c edited by William Petruk; organizing commettee W. Petruk, P. M. Mainwaring, M. M. Smith ...[et al.]
|
| 246 |
1 |
1 |
|a Short course on image analysis applied to mineral and earth sciences
|
| 260 |
|
|
|a Ottawa
|b Mineralogical Association of Canada
|c 1989
|
| 300 |
|
|
|a ix, 156 p.
|b fig.
|c 22 cm.
|
| 490 |
0 |
|
|a Short course handbook
|v 16
|
| 504 |
|
|
|a Includes references
|
| 650 |
|
4 |
|a Ορυκτολογία
|9 1105
|
| 650 |
|
4 |
|a Επεξεργασία εικόνας
|9 1035
|
| 700 |
1 |
|
|a Petruk, W.
|4 edt
|9 153633
|
| 700 |
1 |
|
|a Mainwaring, P. M.
|4 mon
|9 153634
|
| 700 |
1 |
|
|a Smith, M. M.
|4 mon
|9 153635
|
| 760 |
0 |
|
|a Short course handbook
|g 16
|
| 852 |
|
|
|a GR-PaULI
|b ΠΑΤΡΑ
|b ΒΚΠ
|b ΒΣ1
|k ΑΣΧΞ
|h 549 P
|m 050724
|p 025000068921
|t 1
|
| 942 |
|
|
|2 ddc
|c BK15
|
| 952 |
|
|
|0 0
|1 0
|4 0
|6 549_000000000000000_P
|7 0
|9 198677
|a LISP
|b LISP
|c BSC
|d 2016-04-24
|i 050724
|l 0
|o 549 P
|p 025000068921
|r 2016-04-24 00:00:00
|t 1
|w 2016-04-24
|y BK15
|
| 998 |
|
|
|c ΜΑΝΙΑΚΗ
|d 1999-09
|
| 999 |
|
|
|c 121984
|d 121984
|